000 00790nam a2200241 i 4500
001 bg
100 1 _aJAGIEŁŁO, Adam
245 1 0 _aZadania z maszyn elektrycznych.
_nCz. 1,
_pStany ustalone symetryczne
_cAdam Jagiełło, Konrad Weinreb ; Politechnika Krakowska im. Tadeusza Kościuszki.
260 _aKraków :
_bPK,
_c1997.
300 _a85 s. :
_brys. ;
_c24 cm.
504 _aBibliogr. s. 85.
521 _aSkrypt dla studentów wyższych szkół technicznych.
650 9 _aMaszyny elektryczne
_xeksploatacja
655 _aPodręczniki akademickie
700 1 _aWEINREB, Konrad
020 _a8390387867 (cz. 1)
040 _cBPK
041 0 _apl
080 _a621.313(075.8)
920 _a83-903878-6-7 (cz. 1)
942 _cKS
008 s pl f |000 0 pol
999 _c31834
_d31834
856 _uhttp://koha.tu.koszalin.pl/cgi-bin/koha/opac-detail.pl?biblionumber=31834
_yKatalog online BPK